| 000 | 00461nam a22001817a 4500 | ||
|---|---|---|---|
| 005 | 20251108170545.0 | ||
| 008 | 250721s9999 xx 000 0 ara d | ||
| 082 | 1 | 4 | _aط/946/سوي |
| 100 | 1 | _aسويلم، أحمد | |
| 245 | 1 | 0 | _aغرناطة / |
| 264 | _c[19-]. | ||
| 300 | _a19ص | ||
| 650 | 1 | 7 | _aتاريخ إسبانيا |
| 650 | 1 | 7 | _aالتاريخ الإسلامي |
| 700 | 1 |
_aعمري، سعيد _eرسم |
|
| 942 |
_2ddc _cBK |
||
| 999 |
_c43426 _d43426 |
||